Integrované meranie výkonnosti v udržateľných sieťach dodávateľského reťazca automobilového priemyslu

Gespeichert in:
Bibliographische Detailangaben
1. Verfasser: Štofová, Lenka, 1989-
Weitere Verfasser: Szaryszová, Petra, 1984-
Format: Buchkapitel
Sprache:Slowakisch
Tags: Tag hinzufügen
Keine Tags, Fügen Sie das erste Tag hinzu!

MARC

LEADER 00000nla a2200000 4500
001 0224939
005 20240502073702.9
041 0 |a slo 
044 |a SK 
245 1 0 |a Integrované meranie výkonnosti v udržateľných sieťach dodávateľského reťazca automobilového priemyslu  |c Lenka Štofová, Petra Szaryszová 
500 |a Abstrakt 
100 1 |a Štofová, Lenka, 1989- 
700 1 |a Szaryszová, Petra, 1984-